000 00579nam a2200205 a 4500
001 BRCA_8016
005 20190320210109.0
008 190314s1969----uk-#######---#001-0#eng-#
041 _aeng
044 _aUk
050 4 _aN5260
_b.C75
_c1969
245 1 0 _aThe connoisseur art sales manual 1969
_bthe connoisseur London.
260 _aGreat Britain
_bBalding + Mansell
_c1969
300 _a630 p.
_bil.
_c22 cm.
500 _a3150
650 1 4 _aArte
_vSubastas
_zGran Bretaña
_919911
650 1 4 _aArte
_vGuías y manuales
_zGran Bretaña
_919912
902 _aGFM
942 _2lcc
_cB
999 _c7685
_d7685